| 000 | 02101nam a2200217Ia 4500 | ||
|---|---|---|---|
| 003 | Ost | ||
| 005 | 20260507075750.0 | ||
| 008 | 260507s9999||||xx |||||||||||||| ||und|| | ||
| 020 | _a9789931140822 | ||
| 040 | _cfsecg | ||
| 041 | _aara | ||
| 082 | _a382 | ||
| 100 | _eمؤلف | ||
| 245 | 0 | _aالتجارة الخارجية / | |
| 260 |
_aالجزائر: _bدار أجيال الرقمي , _c2023 |
||
| 300 |
_a235 صفحة؛ _bإيضاحات ؛ _c24 سم |
||
| 520 | _aيتطرق هذا الكتاب إلى التأصيل النظري للتجارة الخارجية من خلال سبعة فصول في مايلي : أساسيات حول التجارة الخارجية:ماهية التجارة الدولية-التجارة الخارجية والتجارة الداخلية-أسباب قيام التجارة الخارجية، نظريات التجارة الخارجية:نظريات التجارة قبل الكلاسيك-النظرية الكلاسيكية-النظرية النيوكلاسيكية والحديثة للتجارة الخارجية، السياسات التجارية: مفهوم وأهداف سياسات التجارة الخارجية-أنواع سياسات التجارة الخارجية-أدوات السياسات التجارية، تحرير التجارة الخارجية:ماهية التحرير التجاري-أشكال التحرير التجاري ومؤشرات قياسه-تحليل التجارة في ظل المنظمة العالمية للتجارة، ميزان المدفوعات الدولي: ماهية ميزان المدفوعات-مكونات ميزان المدفوعات-التوازن والاختلال في ميزان المدفوعات، سعر الصرف: ماهية سعر الصرف-أنظمة سعر الصرف-نظريات تحديد أسعار الصرف، التجارة الالكترونية: ماهية التجارة الالكترونية-مميزات وتحديات التجارة الالكترونية | ||
| 653 | _aالتجارة الخارجية | ||
| 653 | _aالتجارة الدولية | ||
| 942 | _cكتاب | ||
| 999 |
_c46222 _d46222 |
||